| 000 | 01030nam a2200361 b 4500 | ||
|---|---|---|---|
| 001 | 0000600 | ||
| 003 | DO-SdBPM | ||
| 005 | 20250905142432.0 | ||
| 007 | ta | ||
| 008 | 040607s 2011 sp a ||| ||spa | ||
| 017 |
_a _b |
||
| 020 | _a9786071103567 | ||
| 035 | _a | ||
| 040 |
_aDO-SdBPM _bspa _cBPMSU _erda |
||
| 082 | 4 |
_a863.6 _bS572c 2011 _222 |
|
| 100 |
_aSierra i Fabra, Jordi, _d1947- _eautor _948 |
||
| 245 | 1 | 4 |
_aLas chicas de alambre / _cJordi Sierra i Fabra _h |
| 260 | _c | ||
| 264 |
_aMadrid : _bAlfaguara, _c2011. |
||
| 300 |
_a218 páginas ; _c22 cm |
||
| 336 |
_atexto _btxt _2rdacontent |
||
| 337 |
_asin mediación _bn _2rdamedia |
||
| 338 |
_avolumen _bnc _2rdacarrier |
||
| 490 | 0 | _aRoja | |
| 500 | _aIncluye datos biográficos del autor. | ||
| 500 | _a | ||
| 590 | _aInventariado 2025/VM | ||
| 650 | 7 | _aNovela juvenil española. | |
| 650 | 7 |
_aMujeres _vNovela juvenil. |
|
| 650 | 7 |
_aModelos (Moda) _vNovela juvenil. |
|
| 910 | _aVMateo V. Control de caldiad. BPMSU | ||
| 942 |
_2ddc _cBK |
||
| 999 |
_c11127 _d11127 |
||